Classifica Pallone d'Oro FIFA 2011 - Statistics

Statistiche generali
  • Questo quiz è stato fatto 101 volte
  • Il punteggio medio è 18 su 23
Statistiche sulle risposte
Voti Nazione Squadra Calciatore % Corretto
21,60 % Portogallo Real Madrid Cristiano Ronaldo
100%
47,88 % Argentina Barcellona Lionel Messi
100%
6,01 % Spagna Barcellona Andrès Iniesta
99%
1,48 % Uruguay Ajax / Liverpool Luis Suárez
98%
9,23 % Spagna Barcellona Xavi
98%
1,12 % Brasile Santos Neymar
95%
1,34 % Camerun Inter / Anži Samuel Eto' o
95%
2,31 % Inghilterra Manchester United Wayne Rooney
93%
1,43 % Uruguay Atletico Madrid / Inter Diego Forlán
86%
0,48 % Argentina Atletico Madrid / Manchester City Sergio Agüero
86%
0,72 % Paesi Bassi Inter Wesley Sneijder
86%
0,64 % Germania Bayern Monaco Thomas Müller
81%
1,29 % Spagna Real Madrid Iker Casillas
80%
0,53 % Spagna Barcellona David Villa
75%
0,76 % Germania Real Madrid Mesut Özil
75%
0,22 % Spagna Barcellona Gerard Piqué
72%
0,34 % Francia Real Madrid Karim Benzema
72%
0,29 % Spagna Arsenal / Barcellona Cesc Fàbregas
66%
0,34 % Brasile Barcellona Dani Alves
64%
0,26 % Portogallo Manchester United Nani
57%
0,48 % Spagna Real Madrid Xabi Alonso
52%
0,36 % Francia Barcellona Éric Abidal
49%
0,50 % Germania Bayern Monaco Bastian Schweinsteiger
45%
Nessun quiz corrispondente trovato
Distribuzione punteggi
Percentuale di utenti per punteggio
Percentile per numero di risposta
I tuoi punteggi nel tempo
Non hai fatto questo quiz